[Event "ROM-ch"]
[Site "Eforie Nord"]
[Date "2024.02.29"]
[Round "7"]
[White "Serban, Cristian Stefan"]
[Black "Cnejev, Vladimir Alexandru"]
[Result "0-1"]
[WhiteElo "2309"]
[BlackElo "2311"]
[PlyCount "158"]
[EventDate "2024.02.24"]
[EventType "swiss"]
[EventRounds "9"]
[EventCountry "ROU"]
[SourceTitle "CB10_2024"]
[SourceDate "2024.03.06"]
[SourceVersion "1"]
[SourceVersionDate "2024.03.06"]
[SourceQuality "1"]

1. d4 d5 2. c4 e6 3. Nf3 Nf6 4. g3 Be7 5. Bg2 0-0 6. 0-0 c6 7. Qc2 b6 8. Rd1 Nbd7 9. b3 Ba6 10. Nbd2 Rc8 11. e4 h6 12. e5 Nh7 13. h4 Qc7 14. Bb2 Rfd8 15. Rac1 Qb8 16. Qb1 Nhf8 17. Nf1 Bb7 18. Ne3 a5 19. Nh2 Qa8 20. f4 c5 21. cxd5 cxd4 22. Rxc8 Rxc8 23. Bxd4 exd5 24. f5 Bc5 25. Qb2 Qb8 26. Nf3 Bxd4 27. Qxd4 Re8 28. f6 Ne6 29. Qd2 Nxe5 30. Nxe5 Qxe5 31. fxg7 Nxg7 32. Ng4 Qe6 33. Qd4 Nf5 34. Qf4 Kg7 35. Bh3 Bc8 36. Rf1 Qd6 37. Qxd6 Nxd6 38. Rd1 h5 39. Nf2 Re5 40. Nd3 Re3 41. Bxc8 Nxc8 42. Kf2 d4 43. Nf4 Rc3 44. Rxd4 Rc2+ 45. Kf3 Rxa2 46. Rc4 Ne7 47. Nxh5+ Kh6 48. Nf4 Ra3 49. Rc7 Rxb3+ 50. Kg4 Ng6 51. Nd5 Rb5 52. Ne3 Ne5+ 53. Kf4 Kg7 54. Kg5 Nf3+ 55. Kg4 Ne5+ 56. Kg5 Nf3+ 57. Kg4 Nd4 58. Rd7 Rb3 59. Nd5 Ne2 60. Nc7 Rxg3+ 61. Kf5 Rf3+ 62. Ke4 Rh3 63. Ne6+ Kf6 64. Nd8 Nc3+ 65. Kf4 Rxh4+ 66. Kg3 Rc4 67. Rxf7+ Ke5 68. Kf3 a4 69. Ra7 b5 70. Ke3 Nd5+ 71. Kd2 Rc8 72. Nf7+ Ke6 73. Ng5+ Kd6 74. Ne4+ Ke5 75. Nf2 Kd4 76. Nd3 Rh8 77. Nb2 Rh2+ 78. Kc1 Kc3 79. Rd7 Rc2+ 0-1

[Event "ROM-ch"]
[Site "Eforie Nord"]
[Date "2024.02.27"]
[Round "5"]
[White "Manolache, Marius"]
[Black "Serban, Cristian Stefan"]
[Result "1-0"]
[WhiteElo "2387"]
[BlackElo "2309"]
[PlyCount "49"]
[EventDate "2024.02.24"]
[EventType "swiss"]
[EventRounds "9"]
[EventCountry "ROU"]
[SourceTitle "CB10_2024"]
[SourceDate "2024.03.06"]
[SourceVersion "1"]
[SourceVersionDate "2024.03.06"]
[SourceQuality "1"]

1. d4 Nf6 2. Nf3 d5 3. c4 e6 4. Nc3 Bb4 5. Qa4+ Nc6 6. e3 0-0 7. Qc2 b6 8. cxd5 exd5 9. h3 Bb7 10. Bd3 Re8 11. 0-0 a6 12. a3 Bf8 13. b4 h6 14. Bb2 Kh8 15. Rac1 Ne4 16. Qb3 Nxc3 17. Rxc3 Bd6 18. Bb1 Qd7 19. Qc2 g6 20. Ne5 Bxe5 21. dxe5 d4 22. exd4 Nxd4 23. e6 Qd5 24. Rg3 Rxe6 25. Ba2 1-0

[Event "ROM-ch"]
[Site "Eforie Nord"]
[Date "2024.02.26"]
[Round "3"]
[White "Stoleriu, George"]
[Black "Serban, Cristian Stefan"]
[Result "1/2-1/2"]
[WhiteElo "2391"]
[BlackElo "2309"]
[PlyCount "114"]
[EventDate "2024.02.24"]
[EventType "swiss"]
[EventRounds "9"]
[EventCountry "ROU"]
[SourceTitle "CB10_2024"]
[SourceDate "2024.03.06"]
[SourceVersion "1"]
[SourceVersionDate "2024.03.06"]
[SourceQuality "1"]

1. e4 c6 2. d4 d5 3. Nc3 dxe4 4. Nxe4 Nf6 5. Nxf6+ exf6 6. Be3 Qb6 7. Qe2 Be7 8. 0-0-0 Qa5 9. Kb1 Be6 10. c4 0-0 11. Qc2 Rd8 12. Bd3 h6 13. Ne2 Na6 14. Bd2 Bb4 15. a3 Bxd2 16. Qxd2 Qxd2 17. Rxd2 Kf8 18. Rhd1 Nc7 19. Rc1 Rd6 20. Be4 Rad8 21. b3 a5 22. Kb2 f5 23. Bf3 g5 24. g3 Ne8 25. a4 Nc7 26. Rcd1 Na6 27. Bg2 Nb4 28. h4 Ke7 29. hxg5 hxg5 30. Rh1 Kf6 31. Kc3 Rg8 32. Ng1 Ke7 33. Nf3 f4 34. gxf4 gxf4 35. Bf1 Rdd8 36. Rh4 Rg4 37. Rh5 b6 38. Bh3 Rg7 39. Re2 Kd6 40. Rh6 Re8 41. Rf6 Re7 42. Bxe6 Rxe6 43. Rexe6+ fxe6 44. Rxf4 Rg2 45. Ne1 Rg1 46. Re4 c5 47. Kd2 Nc6 48. dxc5+ bxc5 49. Nc2 Rf1 50. Rf4 Rb1 51. Kc3 Ke5 52. Rf3 Rc1 53. Re3+ Kd6 54. Kd2 Rf1 55. Ke2 Rc1 56. Kd2 Rf1 57. Ke2 Rc1 1/2-1/2

[Event "ROM-ch"]
[Site "Eforie Nord"]
[Date "2024.02.24"]
[Round "1"]
[White "Ghita, Vlad Bogdan"]
[Black "Serban, Cristian Stefan"]
[Result "0-1"]
[WhiteElo "1844"]
[BlackElo "2309"]
[PlyCount "54"]
[EventDate "2024.02.24"]
[EventType "swiss"]
[EventRounds "9"]
[EventCountry "ROU"]
[SourceTitle "CB10_2024"]
[SourceDate "2024.03.06"]
[SourceVersion "1"]
[SourceVersionDate "2024.03.06"]
[SourceQuality "1"]

1. e4 c6 2. d4 d5 3. exd5 cxd5 4. Bd3 Nc6 5. c3 Nf6 6. Bf4 Bg4 7. Qb3 Qd7 8. Nd2 e6 9. Ngf3 Bd6 10. Bg3 Bh5 11. Ne5 Qc7 12. f4 Bg6 13. 0-0 Bxd3 14. Nxd3 Nh5 15. Qd1 Nxg3 16. hxg3 g6 17. Qf3 h5 18. Rae1 Kf8 19. Qe2 Ne7 20. Ne5 Nf5 21. Qd3 Kg7 22. Kf2 h4 23. g4 Ng3 24. Rg1 Bxe5 25. Rxe5 f6 26. Rxe6 Qxf4+ 27. Nf3 Ne4+ 0-1

[Event "Titled Tuesday intern op 06th Feb Late"]
[Site "Chess.com INT"]
[Date "2024.02.06"]
[Round "6"]
[White "Serban, Cristian Stefan"]
[Black "Tarhan, Adar"]
[Result "0-1"]
[WhiteElo "2309"]
[BlackElo "2415"]
[PlyCount "52"]
[EventDate "2024.02.06"]
[EventType "swiss (blitz)"]
[EventRounds "11"]
[EventCountry "USA"]
[SourceTitle "CB07_2024"]
[SourceDate "2024.02.14"]
[SourceVersion "1"]
[SourceVersionDate "2024.02.14"]
[SourceQuality "1"]

1. d4 Nf6 2. c4 e6 3. Nf3 Bb4+ 4. Nbd2 b6 5. a3 Bxd2+ 6. Qxd2 Bb7 7. e3 0-0 8. Be2 Ne4 9. Qc2 f5 10. 0-0 d6 11. b4 Nd7 12. d5 exd5 13. cxd5 Bxd5 14. Rd1 Bb7 15. Nd4 Ne5 16. f3 Qh4 17. fxe4 Bxe4 18. Qa2+ Kh8 19. Bf3 Ng4 20. h3 Rf6 21. hxg4 fxg4 22. Bxe4 g3 23. Nf3 Qxe4 24. Qd5 Qe8 25. Bb2 Qxe3+ 26. Kf1 Qf2# 0-1

[Event "Titled Tuesday intern op 16th Jan Early"]
[Site "Chess.com INT"]
[Date "2024.01.16"]
[Round "2"]
[White "Sarkar, Justin"]
[Black "Serban, Cristian Stefan"]
[Result "0-1"]
[WhiteElo "2272"]
[BlackElo "2309"]
[PlyCount "86"]
[EventDate "2024.01.16"]
[EventType "swiss (blitz)"]
[EventRounds "11"]
[EventCountry "USA"]
[SourceTitle "CB04_2024"]
[SourceDate "2023.10.16"]
[SourceVersion "1"]
[SourceVersionDate "2023.10.16"]
[SourceQuality "1"]

1. d4 g6 2. e4 Bg7 3. Nc3 a6 4. h4 h5 5. Be3 b5 6. a4 b4 7. Nce2 Bb7 8. Ng3 a5 9. c3 Nf6 10. f3 bxc3 11. bxc3 d6 12. Bb5+ Bc6 13. N1e2 0-0 14. Qd2 Qd7 15. Bxc6 Nxc6 16. Bh6 e5 17. Bxg7 Kxg7 18. Nf5+ Kg8 19. Neg3 Ne8 20. Nxh5 Ne7 21. Nxe7+ Qxe7 22. Ng3 Ng7 23. h5 g5 24. h6 Ne6 25. Nf5 Qf6 26. d5 Nf4 27. g3 Ng6 28. Rh5 Kh7 29. Rxg5 Rfb8 30. Kf2 Rb3 31. Rc1 Rab8 32. Rc2 Ra3 33. Rh5 Rb1 34. g4 Raa1 35. g5 Qd8 36. Ne3 Nf4 37. Rh2 Rf1+ 38. Nxf1 Qxg5 39. Ng3 Qd8 40. Qe3 Qb8 41. Ne2 Qb1 42. Nxf4 exf4 43. Qd2 Qf1# 0-1

[Event "Titled Tuesday intern op 16th Jan Early"]
[Site "Chess.com INT"]
[Date "2024.01.16"]
[Round "1"]
[White "Serban, Cristian Stefan"]
[Black "Ghosh, Chanchal Kumer"]
[Result "0-1"]
[WhiteElo "2309"]
[BlackElo "2026"]
[PlyCount "64"]
[EventDate "2024.01.16"]
[EventType "swiss (blitz)"]
[EventRounds "11"]
[EventCountry "USA"]
[SourceTitle "CB04_2024"]
[SourceDate "2023.10.16"]
[SourceVersion "1"]
[SourceVersionDate "2023.10.16"]
[SourceQuality "1"]

1. Nf3 d5 2. b3 e6 3. Bb2 Nf6 4. e3 c5 5. c4 Nc6 6. cxd5 exd5 7. Bb5 Bd7 8. 0-0 Bd6 9. d4 cxd4 10. Nxd4 0-0 11. Be2 Re8 12. Nd2 Rc8 13. N2f3 a6 14. Nxc6 Bxc6 15. Nd4 Bd7 16. Bf3 Ne4 17. Rc1 Qh4 18. g3 Qh6 19. Rxc8 Bxc8 20. Ne2 Bh3 21. Bg2 Ng5 22. Qxd5 Bxg2 23. Kxg2 Qh3+ 24. Kg1 Qh5 25. Qg2 Qxe2 26. f4 Qxe3+ 27. Kh1 Ne4 28. Bc1 Qd3 29. Re1 f5 30. Be3 Nf6 31. Qf3 Ng4 32. Bd2 Qxf3+ 0-1

[Event "Titled Tuesday intern op 19th Dec Early"]
[Site "Chess.com INT"]
[Date "2023.12.19"]
[Round "2"]
[White "Donatti, Alvaro"]
[Black "Serban, Cristian Stefan"]
[Result "0-1"]
[WhiteElo "2193"]
[BlackElo "2309"]
[PlyCount "86"]
[EventDate "2023.12.19"]
[EventType "swiss (blitz)"]
[EventRounds "11"]
[EventCountry "USA"]
[SourceTitle "CB52_2023"]
[SourceDate "2023.12.27"]
[SourceVersion "1"]
[SourceVersionDate "2023.12.27"]
[SourceQuality "1"]

1. e4 g6 2. d4 Bg7 3. Nc3 a6 4. a4 b6 5. Nf3 d6 6. Be3 e6 7. Be2 Bb7 8. 0-0 Nd7 9. Qd2 Ne7 10. Bh6 0-0 11. Bxg7 Kxg7 12. Rad1 d5 13. e5 c5 14. Ne1 cxd4 15. Qxd4 Nc6 16. Qd2 Ndxe5 17. f4 Nd7 18. f5 gxf5 19. Rf3 Nde5 20. Rg3+ Ng6 21. Nf3 Qf6 22. Rh3 f4 23. Bd3 Nce5 24. Ne2 Nxf3+ 25. Rxf3 e5 26. Bxg6 hxg6 27. Qb4 d4 28. Rh3 f3 29. gxf3 Bxf3 30. Qd2 Rh8 31. Rg3 Bxe2 32. Qxe2 Rh4 33. Qg2 Rah8 34. Rd2 a5 35. Rf2 Rf4 36. Rxf4 Qxf4 37. Rf3 Qc1+ 38. Rf1 Qe3+ 39. Kh1 Rh4 40. Rf3 Qe1+ 41. Rf1 Qe4 42. Rf3 Rg4 43. Qf1 Rf4 0-1

[Event "Titled Tuesday intern op 19th Dec Early"]
[Site "Chess.com INT"]
[Date "2023.12.19"]
[Round "6"]
[White "Quirke, Jeffrey"]
[Black "Serban, Cristian Stefan"]
[Result "0-1"]
[WhiteElo "1986"]
[BlackElo "2309"]
[PlyCount "98"]
[EventDate "2023.12.19"]
[EventType "swiss (blitz)"]
[EventRounds "11"]
[EventCountry "USA"]
[SourceTitle "CB52_2023"]
[SourceDate "2023.12.27"]
[SourceVersion "1"]
[SourceVersionDate "2023.12.27"]
[SourceQuality "1"]

1. e4 a6 2. d4 e6 3. Nf3 b5 4. Bd3 Bb7 5. 0-0 Nf6 6. Re1 Be7 7. a4 b4 8. Nbd2 0-0 9. Nf1 c5 10. dxc5 Bxc5 11. Ng3 Qb6 12. Qe2 Ng4 13. Rf1 Nc6 14. h3 Nge5 15. Nxe5 Nxe5 16. Kh2 a5 17. f4 Nxd3 18. cxd3 Bd4 19. Qg4 Ba6 20. Rf3 Rac8 21. f5 Kh8 22. Nh5 exf5 23. exf5 Rc2 24. f6 g6 25. Bh6 Re8 26. Bg7+ Kg8 27. Qxd7 Qc7+ 28. Qxc7 Rxc7 29. Ng3 Bxb2 30. Rd1 Be5 31. Kh1 Bd6 32. Ne4 Bf8 33. Bxf8 Kxf8 34. Ng5 h6 35. Ne4 Rec8 36. Re3 Rc1 37. Rxc1 Rxc1+ 38. Kh2 b3 39. Nd6 Kg8 40. Re8+ Kh7 41. Re7 g5 42. Rxf7+ Kg6 43. Ra7 b2 44. f7 Rf1 45. Rxa6 b1Q 46. Nf5+ Kh5 47. f8Q Rh1+ 48. Kg3 Qe1+ 49. Kf3 Rf1# 0-1

[Event "Titled Tuesday intern op 19th Dec Early"]
[Site "Chess.com INT"]
[Date "2023.12.19"]
[Round "10"]
[White "Serban, Cristian Stefan"]
[Black "Hajiyev, Kanan"]
[Result "0-1"]
[WhiteElo "2309"]
[BlackElo "2135"]
[PlyCount "122"]
[EventDate "2023.12.19"]
[EventType "swiss (blitz)"]
[EventRounds "11"]
[EventCountry "USA"]
[SourceTitle "CB52_2023"]
[SourceDate "2023.12.27"]
[SourceVersion "1"]
[SourceVersionDate "2023.12.27"]
[SourceQuality "1"]

1. d4 d5 2. Bf4 c5 3. e3 cxd4 4. exd4 Nc6 5. c3 Nf6 6. Bd3 g6 7. Nf3 Bg7 8. 0-0 0-0 9. Nbd2 Bf5 10. Qc2 Bxd3 11. Qxd3 Nh5 12. Bg5 Qc7 13. Rfe1 Rfe8 14. Nf1 Rab8 15. a4 Na5 16. N1d2 Rbc8 17. Rac1 e6 18. g3 h6 19. Be3 Nc4 20. Nxc4 Qxc4 21. Qxc4 Rxc4 22. Ra1 Rec8 23. Nd2 R4c7 24. a5 g5 25. g4 Nf6 26. h3 Bf8 27. Kg2 Bd6 28. f3 Kg7 29. h4 Nh7 30. Rh1 f6 31. hxg5 hxg5 32. Rh5 Nf8 33. Rf1 Rc6 34. f4 gxf4 35. Bxf4 Bxf4 36. Rxf4 Ng6 37. Rf2 Ra6 38. Nb3 b6 39. axb6 axb6 40. Nc1 Ra1 41. Nd3 Rd1 42. Rh3 Rh8 43. Rxh8 Kxh8 44. Nf4 Nxf4+ 45. Rxf4 Kg7 46. Rf2 Kg6 47. Kf3 Rd3+ 48. Kf4 Rh3 49. Re2 Kf7 50. Rc2 Rh1 51. Kg3 Rg1+ 52. Kf3 Rf1+ 53. Kg2 Re1 54. Kf2 Re4 55. Kf3 Kg6 56. Rh2 Kg5 57. Rh5+ Kg6 58. Rh2 b5 59. Rg2 b4 60. Rh2 b3 61. Rh5 f5 0-1

[Event "ROM GP KO final"]
[Site "Alba Iulia"]
[Date "2023.12.05"]
[Round "3.3"]
[White "Lupulescu, Constantin"]
[Black "Serban, Cristian Stefan"]
[Result "1-0"]
[WhiteElo "2589"]
[BlackElo "2309"]
[PlyCount "101"]
[EventDate "2023.12.05"]
[EventType "k.o."]
[EventRounds "3"]
[EventCountry "ROU"]
[SourceTitle "CB50_2023"]
[SourceDate "2023.12.13"]
[SourceVersion "1"]
[SourceVersionDate "2023.12.13"]
[SourceQuality "1"]

1. d4 Nf6 2. c4 e6 3. Nc3 Bb4 4. e3 0-0 5. Bd3 d5 6. a3 Bxc3+ 7. bxc3 dxc4 8. Bxc4 c5 9. Nf3 Qc7 10. Be2 b6 11. 0-0 Bb7 12. Bb2 Nbd7 13. Nd2 Rfd8 14. Qb3 e5 15. Rac1 exd4 16. cxd4 Bd5 17. Qc2 Qb7 18. f3 Rac8 19. Qb1 cxd4 20. Bxd4 Be6 21. Qb2 Ne8 22. Ne4 Rxc1 23. Rxc1 Rc8 24. Bb5 Bd5 25. Nc3 Bc6 26. Bd3 Nd6 27. Ne2 f6 28. Nf4 Ba4 29. Qa2+ Kh8 30. Rxc8+ Qxc8 31. Qd5 Qc6 32. Qh5 Nf8 33. Kf2 Qe8 34. Qd5 Qc6 35. Qa2 Bb5 36. Bc2 Bc4 37. Qb1 Bg8 38. Bd3 Nc4 39. Qb4 Qd6 40. Qxd6 Nxd6 41. e4 Ne6 42. Nxe6 Bxe6 43. Bc3 Bc4 44. Bc2 Nb5 45. Bb4 Kg8 46. a4 Nd4 47. Bd1 a5 48. Bd2 Bb3 49. Bxb3+ Nxb3 50. Be3 Nd2 51. Bxd2 1-0

[Event "ROM GP Final GpC"]
[Site "Alba Iulia"]
[Date "2023.12.04"]
[Round "4"]
[White "Serban, Cristian Stefan"]
[Black "Kantor, Gergely"]
[Result "0-1"]
[WhiteElo "2309"]
[BlackElo "2531"]
[PlyCount "68"]
[EventDate "2023.12.04"]
[EventType "tourn (rapid)"]
[EventRounds "6"]
[EventCountry "ROU"]
[EventCategory "8"]
[SourceTitle "CB49_2023"]
[SourceDate "2023.12.06"]
[SourceVersion "1"]
[SourceVersionDate "2023.12.06"]
[SourceQuality "1"]

1. d4 Nf6 2. c4 e6 3. Nf3 d5 4. g3 Bb4+ 5. Bd2 Be7 6. Bg2 0-0 7. 0-0 c6 8. Qc2 Nbd7 9. Bf4 a5 10. Rd1 h6 11. Nc3 dxc4 12. Nd2 Nd5 13. Nxc4 Nxf4 14. gxf4 Nf6 15. Bf3 Bd7 16. Kh1 Kh8 17. Rg1 Be8 18. Rad1 Qc7 19. Ne5 Rc8 20. f5 Bd6 21. Ng4 Qe7 22. e4 Nxg4 23. Bxg4 exf5 24. Bxf5 Rd8 25. e5 Bb8 26. f4 f6 27. Ne2 c5 28. dxc5 Rxd1 29. Rxd1 fxe5 30. fxe5 Bc6+ 31. Be4 Qh4 32. Ng3 Bxe5 33. Rg1 Bxg3 34. Bxc6 Rf2 0-1

[Event "Sebes GP op"]
[Site "Sebes"]
[Date "2023.11.05"]
[Round "10"]
[White "Serban, Cristian Stefan"]
[Black "Toma, Radu Cristian"]
[Result "1/2-1/2"]
[WhiteElo "2332"]
[BlackElo "2387"]
[PlyCount "123"]
[EventDate "2023.11.04"]
[EventType "swiss"]
[EventRounds "10"]
[EventCountry "ROU"]
[SourceTitle "CB46_2023"]
[SourceDate "2023.11.15"]
[SourceVersion "1"]
[SourceVersionDate "2023.11.15"]
[SourceQuality "1"]

1. d4 d5 2. c4 dxc4 3. e3 Nf6 4. Bxc4 e6 5. Nf3 a6 6. 0-0 Nbd7 7. Qe2 b5 8. Bd3 c5 9. Rd1 Bb7 10. Nc3 Qb8 11. h3 Bd6 12. dxc5 Nxc5 13. e4 b4 14. e5 Bxf3 15. Qxf3 Bxe5 16. Qc6+ Ncd7 17. Ne4 0-0 18. Nxf6+ Nxf6 19. Bxa6 Bh2+ 20. Kh1 Be5 21. Be3 Nd5 22. Bc5 Rd8 23. Rd2 Nc7 24. Rxd8+ Qxd8 25. Bc4 Rc8 26. Qe4 Bxb2 27. Rb1 Bc3 28. Bd3 f5 29. Qe3 Kf7 30. Bc4 Nd5 31. Bxd5 Qxd5 32. Bxb4 Bxb4 33. Rxb4 Qd1+ 34. Kh2 Qd6+ 35. Qf4 Qxf4+ 36. Rxf4 Rc2 37. a4 Ra2 38. h4 Kf6 39. f3 h6 40. Rb4 Ke5 41. Kg3 Ra3 42. Rb5+ Kf6 43. Ra5 g5 44. hxg5+ hxg5 45. Ra8 g4 46. a5 Ke5 47. a6 gxf3 48. gxf3 f4+ 49. Kg4 Ra1 50. a7 Rg1+ 51. Kh4 Rg7 52. Kh5 Rb7 53. Kg6 Rc7 54. Kh6 Rf7 55. Kg6 Rc7 56. Kh6 Rf7 57. Kg6 Rd7 58. Kg5 Rb7 59. Kg6 Rd7 60. Kg5 Rg7+ 61. Kh6 Rd7 62. Kg5 1/2-1/2

[Event "Sebes GP op"]
[Site "Sebes"]
[Date "2023.11.05"]
[Round "5"]
[White "Tudoroiu, Razvan Catalin"]
[Black "Serban, Cristian Stefan"]
[Result "1/2-1/2"]
[WhiteElo "1993"]
[BlackElo "2332"]
[PlyCount "153"]
[EventDate "2023.11.04"]
[EventType "swiss"]
[EventRounds "10"]
[EventCountry "ROU"]
[SourceTitle "CB46_2023"]
[SourceDate "2023.11.15"]
[SourceVersion "1"]
[SourceVersionDate "2023.11.15"]
[SourceQuality "1"]

1. d4 Nf6 2. Bf4 c5 3. e3 Qb6 4. Nc3 a6 5. Rb1 cxd4 6. exd4 d5 7. h3 Bf5 8. Nf3 h6 9. Bd3 Bxd3 10. Qxd3 e6 11. 0-0 Bd6 12. Ne2 0-0 13. c3 Qc7 14. Bxd6 Qxd6 15. Ne5 Nc6 16. Qe3 Ne4 17. Nxc6 Qxc6 18. Nf4 b5 19. Nd3 a5 20. a3 Rab8 21. Rbe1 Rfc8 22. Qf4 Qc7 23. Qe3 Rb6 24. Qe2 Qc4 25. Qe3 Qc7 26. Qe2 Qd8 27. Qd1 Nd6 28. Re3 Nc4 29. Re2 Qh4 30. Rfe1 Re8 31. Rf1 f6 32. Rfe1 Kf7 33. Qb1 Re7 34. Qc2 Rb8 35. Qb3 Qh5 36. Nf4 Qf5 37. Nxe6 Kg8 38. Nc5 Rxe2 39. Rxe2 Qb1+ 40. Kh2 Qf5 41. Qc2 Qxc2 42. Rxc2 b4 43. axb4 axb4 44. Na6 b3 45. Re2 Ra8 46. Nb4 Ra1 47. Nxd5 Rb1 48. Ne3 Nxb2 49. d5 Nd1 50. d6 Nxe3 51. Rxe3 Rd1 52. Re8+ Kf7 53. Rb8 Rxd6 54. Rxb3 Rd2 55. Kg3 Rd3+ 56. f3 Kg6 57. Kf2 Rd2+ 58. Kg3 Rc2 59. Ra3 h5 60. h4 Kh6 61. Rb3 Kg6 62. Ra3 Kh6 63. Kh3 Kg6 64. Rb3 Kh6 65. Ra3 Kg6 66. g4 hxg4+ 67. fxg4 Rc1 68. Kg3 Kh6 69. Kf3 Rh1 70. h5 Rf1+ 71. Kg3 Rg1+ 72. Kf3 Rf1+ 73. Kg2 Rc1 74. Kg3 Rg1+ 75. Kf3 Rf1+ 76. Kg3 Rg1+ 77. Kf3 1/2-1/2

[Event "Sebes GP op"]
[Site "Sebes"]
[Date "2023.11.04"]
[Round "3"]
[White "Kantor, Gergely"]
[Black "Serban, Cristian Stefan"]
[Result "1-0"]
[WhiteElo "2527"]
[BlackElo "2332"]
[PlyCount "45"]
[EventDate "2023.11.04"]
[EventType "swiss"]
[EventRounds "10"]
[EventCountry "ROU"]
[SourceTitle "CB46_2023"]
[SourceDate "2023.11.15"]
[SourceVersion "1"]
[SourceVersionDate "2023.11.15"]
[SourceQuality "1"]

1. d4 Nf6 2. c4 e6 3. Nf3 d5 4. Nc3 Bb4 5. Qa4+ Nc6 6. a3 Bxc3+ 7. bxc3 Ne4 8. e3 Nxc3 9. Qc2 Ne4 10. Bd3 f5 11. 0-0 0-0 12. Rb1 Ne7 13. a4 c6 14. Ba3 Rf6 15. a5 Ng6 16. a6 bxa6 17. Ne5 Nxe5 18. dxe5 Rh6 19. f3 Qh4 20. fxe4 Qxh2+ 21. Kf2 fxe4 22. Ke1 Bd7 23. Qf2 1-0

[Event "EU-ch U18 31st"]
[Site "Mamaia"]
[Date "2023.09.13"]
[Round "8"]
[White "Serban, Cristian Stefan"]
[Black "Rostomyan, Mikayel"]
[Result "0-1"]
[WhiteElo "2324"]
[BlackElo "2221"]
[PlyCount "116"]
[EventDate "2023.09.05"]
[EventType "swiss"]
[EventRounds "9"]
[EventCountry "ROU"]
[SourceTitle "EXT 2024"]
[Source "ChessBase"]
[SourceDate "2023.10.10"]
[SourceVersion "1"]
[SourceVersionDate "2023.10.10"]
[SourceQuality "1"]

1. d4 Nf6 2. c4 e6 3. Nf3 Bb4+ 4. Nbd2 b6 5. a3 Bxd2+ 6. Qxd2 Bb7 7. e3 0-0 8. Be2 d5 9. b3 Nbd7 10. Bb2 c5 11. Rd1 Qe7 12. dxc5 Nxc5 13. b4 Nce4 14. Qd4 dxc4 15. Qxc4 Rac8 16. Qa2 Nc3 17. Bxc3 Rxc3 18. 0-0 Rfc8 19. Qa1 a5 20. Nd4 axb4 21. axb4 Bd5 22. Ba6 Qxb4 23. Bxc8 Rxc8 24. Rb1 Qd6 25. Qa6 Rb8 26. Rfc1 g6 27. Rc8+ Rxc8 28. Qxc8+ Kg7 29. Qc3 Be4 30. Rd1 Qe5 31. Ne2 Qb5 32. Ng3 Bb7 33. h3 h5 34. Nf1 Qg5 35. e4 Bxe4 36. f3 Bb7 37. Rb1 b5 38. Kh1 Qf5 39. Rb4 Qd5 40. Ne3 Qc6 41. Qb2 Qc5 42. Nd1 Bc6 43. Nf2 Qd6 44. Rd4 Qg3 45. Nd3 g5 46. h4 gxh4 47. Rf4 Qg5 48. Qd4 h3 49. gxh3 Bd5 50. h4 Qg6 51. Kh2 Bc4 52. Nf2 Bf1 53. Ng4 e5 54. Rxf6 exd4 55. Rxg6+ fxg6 56. Nf2 Bc4 57. Kg3 b4 58. Ne4 b3 0-1

[Event "EU-ch U18 31st"]
[Site "Mamaia"]
[Date "2023.09.09"]
[Round "5"]
[White "Razafindratsima, Timothe"]
[Black "Serban, Cristian Stefan"]
[Result "1-0"]
[WhiteElo "2450"]
[BlackElo "2324"]
[PlyCount "55"]
[EventDate "2023.09.05"]
[EventType "swiss"]
[EventRounds "9"]
[EventCountry "ROU"]
[SourceTitle "EXT 2024"]
[Source "ChessBase"]
[SourceDate "2023.10.10"]
[SourceVersion "1"]
[SourceVersionDate "2023.10.10"]
[SourceQuality "1"]

1. e4 e5 2. Nf3 Nc6 3. Bb5 Nf6 4. d3 Bc5 5. c3 0-0 6. 0-0 d5 7. exd5 Qxd5 8. Bc4 Qd8 9. Nbd2 Bf5 10. Qe2 Re8 11. Ne4 Be7 12. Ng3 Bg4 13. h3 Bxf3 14. Qxf3 Na5 15. Bb5 c6 16. Ba4 Qd5 17. Qe2 b5 18. Bc2 h6 19. b4 Nb7 20. Bb2 Qd7 21. a4 Nd5 22. Qf3 a6 23. Rad1 Nd6 24. Bb3 Nf4 25. Rfe1 Bf6 26. d4 Ng6 27. Nh5 e4 28. Qxf6 1-0

[Event "Speed Chess Q2 Sw"]
[Site "Chess.com INT"]
[Date "2023.08.23"]
[Round "6"]
[White "Serban, Cristian Stefan"]
[Black "Han, Yichen"]
[Result "0-1"]
[WhiteElo "2275"]
[BlackElo "2413"]
[PlyCount "76"]
[EventDate "2023.08.23"]
[EventType "swiss (blitz)"]
[EventRounds "14"]
[EventCountry "USA"]
[SourceTitle "CBM 215 Extra"]
[Source "ChessBase"]
[SourceDate "2023.09.30"]
[SourceVersion "1"]
[SourceVersionDate "2023.09.30"]
[SourceQuality "1"]

1. d4 Nf6 2. Nf3 g6 3. c4 Bg7 4. Nc3 0-0 5. e4 d6 6. Be2 e5 7. 0-0 Bg4 8. d5 a5 9. Be3 Na6 10. h3 Bxf3 11. Bxf3 Nd7 12. Be2 Nac5 13. b3 f5 14. exf5 gxf5 15. f4 exf4 16. Bd4 Ne5 17. Rxf4 Qg5 18. Qf1 Ng6 19. Bxg7 Nxf4 20. Bxf8 Rxf8 21. Qf3 Ne4 22. Nxe4 fxe4 23. Qxe4 Nxh3+ 24. Kh2 Nf4 25. Bf3 Qh4+ 26. Kg1 Qg3 27. Rf1 Nh3+ 28. Kh1 Nf2+ 29. Rxf2 Qxf2 30. Qe6+ Kh8 31. Qe7 Rxf3 32. gxf3 Qxf3+ 33. Kh2 Qf4+ 34. Kh1 Qh6+ 35. Kg2 Qg7+ 36. Qxg7+ Kxg7 37. Kg3 Kf6 38. Kf4 h5 0-1

[Event "Titled Tuesday intern op 22nd Aug Early"]
[Site "Chess.com INT"]
[Date "2023.08.22"]
[Round "2"]
[White "Serban, Cristian Stefan"]
[Black "Deveci, Huseyin Said"]
[Result "1-0"]
[WhiteElo "2275"]
[BlackElo "1965"]
[PlyCount "103"]
[EventDate "2023.08.22"]
[EventType "swiss (blitz)"]
[EventRounds "11"]
[EventCountry "USA"]
[SourceTitle "EXT 2024"]
[Source "ChessBase"]
[SourceDate "2023.10.10"]
[SourceVersion "1"]
[SourceVersionDate "2023.10.10"]
[SourceQuality "1"]

1. Nf3 Nf6 2. g3 g6 3. Bg2 Bg7 4. 0-0 Kf8 5. d4 e6 6. c4 d5 7. Nc3 c6 8. Qc2 Nbd7 9. Rd1 Ke7 10. e4 dxe4 11. Nxe4 Re8 12. b3 Nxe4 13. Ba3+ Nd6 14. Ng5 Nf6 15. d5 cxd5 16. cxd5 e5 17. Rac1 h6 18. Qc7+ Qxc7 19. Rxc7+ Bd7 20. Nxf7 Kxf7 21. Bxd6 g5 22. Rxb7 Kg6 23. Bc7 a6 24. d6 e4 25. Bf1 a5 26. a4 Be6 27. Bb5 Nd7 28. Bb6 Nxb6 29. Bxe8+ Rxe8 30. Rxb6 Bd7 31. Rb7 Rd8 32. Ra7 Be6 33. Rxa5 Bxb3 34. Rb1 Bc2 35. Rc1 Bd3 36. Rc6 Rd7 37. Rd5 Kf7 38. Rc7 Ke6 39. Rxd7 Kxd7 40. a5 Bc4 41. Rc5 Bd3 42. Rc7+ Kxd6 43. Rxg7 Kc5 44. Rg6 Kb5 45. Rxh6 Kxa5 46. h4 gxh4 47. gxh4 Kb5 48. Rh8 Kc6 49. h5 Kd5 50. h6 Ke6 51. h7 Kf7 52. Rf8+ 1-0

[Event "Arad op 16th"]
[Site "Arad"]
[Date "2023.08.12"]
[Round "8"]
[White "Serban, Cristian Stefan"]
[Black "Petkov, Momchil"]
[Result "1/2-1/2"]
[WhiteElo "2275"]
[BlackElo "2489"]
[PlyCount "82"]
[EventDate "2023.08.07"]
[EventType "swiss"]
[EventRounds "9"]
[EventCountry "ROU"]
[SourceTitle "EXT 2024"]
[Source "ChessBase"]
[SourceDate "2023.10.10"]
[SourceVersion "1"]
[SourceVersionDate "2023.10.10"]
[SourceQuality "1"]

1. d4 d5 2. c4 e6 3. Nf3 Nf6 4. g3 Bb4+ 5. Bd2 Be7 6. Bg2 Nbd7 7. 0-0 0-0 8. Qc2 c6 9. Bf4 a5 10. Rd1 a4 11. Nc3 dxc4 12. Nd2 Nb6 13. Nce4 a3 14. bxa3 Nfd5 15. Nxc4 Nxc4 16. Qxc4 Nxf4 17. gxf4 Rxa3 18. Rd3 Rxd3 19. Qxd3 Qc7 20. e3 Bd7 21. Bf3 Ra8 22. Bd1 Qa5 23. Bb3 Qf5 24. Kh1 c5 25. Nxc5 Bc6+ 26. d5 Qf6 27. Qd4 Qxd4 28. exd4 exd5 29. Nd3 f6 30. Kg2 Bd6 31. Re1 Kf7 32. Kf3 g6 33. h4 Rg8 34. Nb2 g5 35. hxg5 fxg5 36. Rh1 Bxf4 37. Rxh7+ Rg7 38. Rxg7+ Kxg7 39. Nd3 Bd6 40. Kg4 Kf6 41. f4 gxf4 1/2-1/2